Statistics for Lille 2020's Starting XI

Click here to take the quiz!

General Stats

  • This quiz has been taken 821 times
    (361 since last reset)
  • The average score is 15 of 24

Answer Stats

Player% Correct
Jonathan David
98%
Mike Maignan
90%
José Fonte
89%
Burak Yılmaz
86%
Victor Osimhen
79%
Reinildo
77%
Sven Botman
77%
Zeki Çelik
77%
Jonathan Bamba
73%
André Gomes
72%
Angel Gomes
71%
Benjamin André
71%
Jonathan Ikone
64%
Renato Sanches
60%
Lucas Chevalier
56%
Tiago Djaló
55%
Xeka
47%
Ivo Grbić
46%
Rémy Cabella
43%
Domagoj Bradarić
38%
Gabriel
38%
Boubakary Soumaré
37%
Ismaily
31%
Bafodé Diakité
24%

Score Distribution

Percentile by Number Answered

Percent of People with Each Score

Your Score History

You have not taken this quiz since the last reset